Statistics for Quran

Click here to take the quiz!

General Stats

  • This quiz has been taken 343 times
  • The average score is 5 of 10

Answer Stats

HintAnswer% Correct
What is the Arabic name of GodAllah
100%
Who was the angel that was sent by god to reveal the QuranGabriel
82%
How many chapters are there in the Quran114
67%
Name another book muslims believe in bar the QuranPsalms, Bible, Torah
62%
at what age did the prophet Muhammad was first sent down the first verses of the Quran40
57%
Who is the most talked about prophet in the QuranMoses
54%
How many times is Adam mentioned in the quran25
26%
How many times is the word man repeated in the Quran23
25%
Who collated the QuranUthman
20%
Which cave did the prophet Muhammad receive the QuranMount Heera
2%

Score Distribution

Percentile by Number Answered

Percent of People with Each Score

Your Score History

You have not taken this quiz